00482nam a2200169 a 4500003000400000005001700004008004100021040002400062041000800086082001600094110004700110245004100157250001200198260007300210300001000283653001900293OSt20130930151918.0130930s1999 ag ||||| |||| 00| 0 spa d cBiblioteca Medicina aspa bVARIOS 0337 aOrganismo Regulador de Seguridad de Presas00aORSEP, la seguridad del conocimiento a1ยบ ed. aCipollettibOrganismo Regulador de Seguridad de Presas (ORSEP)c1999 a25 p. aPRESAS-INFORME